The Burden of freedom / (Record no. 839)

MARC details
000 -LEADER
fixed length control field 00639nam a22002052 4500
001 - CONTROL NUMBER
control field 0000009375
005 - DATE AND TIME OF LATEST TRANSACTION
control field 20151021151121.0
008 - FIXED-LENGTH DATA ELEMENTS--GENERAL INFORMATION
fixed length control field 081008s xx 000 0 eng d
020 ## - INTERNATIONAL STANDARD BOOK NUMBER
International Standard Book Number 1591856191 :
Terms of availability KES 1190
040 ## - CATALOGING SOURCE
Original cataloging agency KABU
Transcribing agency KABU
100 1# - MAIN ENTRY--PERSONAL NAME
Personal name Munroe, Myles.
-- 0000160904
245 14 - TITLE STATEMENT
Title The Burden of freedom /
Statement of responsibility, etc. Myles Munroe.
260 ## - PUBLICATION, DISTRIBUTION, ETC. (IMPRINT)
Place of publication, distribution, etc. Lake Mary, Florida :
Name of publisher, distributor, etc. Charisma House,
Date of publication, distribution, etc. 2001.
300 ## - PHYSICAL DESCRIPTION
Extent xix, 262 p.
650 #0 - SUBJECT ADDED ENTRY--TOPICAL TERM
Topical term or geographic name as entry element Liberty
General subdivision Religious aspects
-- Christianity.
-- 0000160905
650 #0 - SUBJECT ADDED ENTRY--TOPICAL TERM
Topical term or geographic name as entry element Christian life.
-- 0000149167
908 ## - PUT COMMAND PARAMETER (RLIN)
Put command parameter 081008
950 ## - LOCAL HOLDINGS (RLIN)
-- 1
Holdings
Withdrawn status Lost status Source of classification or shelving scheme Not for loan Home library Current library Date acquired Total Checkouts Full call number Barcode Date last seen Price effective from Koha item type
    Library of Congress Classification   Kabarak, Nakuru City Campus Kabarak, Nakuru City Campus 21/10/2015   BT810.3 .M86 2001 c. 1 005823 21/10/2015 21/10/2015 General Collection
Designed with assistance from East African Informatics Ltd